<?xml version="1.0" encoding="UTF-8"?>
<record
    xmlns:xsi="http://www.w3.org/2001/XMLSchema-instance"
    xsi:schemaLocation="http://www.loc.gov/MARC21/slim http://www.loc.gov/standards/marcxml/schema/MARC21slim.xsd"
    xmlns="http://www.loc.gov/MARC21/slim">

  <leader>00749nam a22002297a 4500</leader>
  <controlfield tag="003">UA-OsUOA</controlfield>
  <controlfield tag="001"> 110994 </controlfield>
  <controlfield tag="007">ta</controlfield>
  <controlfield tag="008">20150423b un ||||| |||| 00| 0 ukr d</controlfield>
  <datafield tag="090" ind1=" " ind2=" ">
    <subfield code="a">82.0(100)(082)</subfield>
    <subfield code="b">&#x417;-13</subfield>
  </datafield>
  <datafield tag="942" ind1=" " ind2=" ">
    <subfield code="c">BK</subfield>
  </datafield>
  <datafield tag="040" ind1=" " ind2=" ">
    <subfield code="a">UA-OsUOA</subfield>
    <subfield code="b">ukr</subfield>
    <subfield code="c">UA-OsUOA</subfield>
    <subfield code="d">UA-OsUOA</subfield>
  </datafield>
  <datafield tag="245" ind1=" " ind2=" ">
    <subfield code="a">Semper tito</subfield>
    <subfield code="b">&#x437;&#x431;&#x456;&#x440;&#x43D;&#x438;&#x43A; &#x43D;&#x430; &#x43F;&#x43E;&#x448;&#x430;&#x43D;&#x443; &#x43F;&#x440;&#x43E;&#x444;&#x435;&#x441;&#x43E;&#x440;&#x430; &#x412;&#x43E;&#x43B;&#x43E;&#x434;&#x438;&#x43C;&#x438;&#x440;&#x430; &#x41F;&#x430;&#x43D;&#x447;&#x435;&#x43D;&#x43A;&#x430;: &#x434;&#x43E; 60-&#x440;&#x456;&#x447;&#x447;&#x44F; &#x432;&#x456;&#x434; &#x434;&#x43D;&#x44F; &#x43D;&#x430;&#x440;&#x43E;&#x434;&#x436;&#x435;&#x43D;&#x43D;&#x44F;</subfield>
    <subfield code="c">&#x443;&#x43F;&#x43E;&#x440;&#x44F;&#x434;. &#x412;. &#x41C;&#x43E;&#x440;&#x435;&#x43D;&#x435;&#x446;&#x44C;</subfield>
  </datafield>
  <datafield tag="300" ind1=" " ind2=" ">
    <subfield code="a">455 &#x441;.</subfield>
  </datafield>
  <datafield tag="955" ind1=" " ind2=" ">
    <subfield code="a">1</subfield>
  </datafield>
  <datafield tag="041" ind1=" " ind2=" ">
    <subfield code="a">ukr</subfield>
  </datafield>
  <datafield tag="080" ind1=" " ind2=" ">
    <subfield code="a">82.0(100)(082)</subfield>
  </datafield>
  <datafield tag="020" ind1=" " ind2=" ">
    <subfield code="a">978-966-518-659-5</subfield>
  </datafield>
  <datafield tag="260" ind1=" " ind2=" ">
    <subfield code="a">&#x41A;.</subfield>
    <subfield code="b">&#x41A;&#x41C;&#x410;</subfield>
    <subfield code="c">2014</subfield>
  </datafield>
  <datafield tag="650" ind1=" " ind2="7">
    <subfield code="a">82 &#x41B;&#x456;&#x442;&#x435;&#x440;&#x430;&#x442;&#x443;&#x440;&#x430;. &#x41B;&#x456;&#x442;&#x435;&#x440;&#x430;&#x442;&#x443;&#x440;&#x43E;&#x437;&#x43D;&#x430;&#x432;&#x441;&#x442;&#x432;&#x43E;</subfield>
    <subfield code="2">UDC</subfield>
  </datafield>
  <datafield tag="999" ind1=" " ind2=" ">
    <subfield code="c">397258</subfield>
    <subfield code="d">397258</subfield>
  </datafield>
  <datafield tag="952" ind1=" " ind2=" ">
    <subfield code="0">0</subfield>
    <subfield code="1">0</subfield>
    <subfield code="2">udc</subfield>
    <subfield code="4">0</subfield>
    <subfield code="7">0</subfield>
    <subfield code="a">102</subfield>
    <subfield code="b">102</subfield>
    <subfield code="d">2015-04-23</subfield>
    <subfield code="e">15/2015</subfield>
    <subfield code="g">160.00</subfield>
    <subfield code="i">147811</subfield>
    <subfield code="l">0</subfield>
    <subfield code="o">82.0(100)(082) &#x417;-13</subfield>
    <subfield code="p">147811</subfield>
    <subfield code="r">2022-02-09 00:00:00</subfield>
    <subfield code="w">2015-04-23</subfield>
    <subfield code="y">BK</subfield>
  </datafield>
</record>
